000 00417nam a22001697a 4500
003 NUST
020 _a1850581312
038 _akhadija
082 _a658.5
_bZAI
100 _aZairi, M.
_986004
245 _aManagement of Advanced Manufacturing Technology /
_cM. Zairi
260 _aUnited Kingdom :
_bSigma Press,
_c1992.
300 _a239 p. ;
_b23 cm.
500 _aPaperback.
563 _aPB
942 _cBK
_2ddc
999 _c33845
_d33845